000 00936cam a2200241Ia 4500
008
020 _a0862923271(hbk.)
049 _aMAIN
090 _aTA352
100 _aCivil engineering dynamics (:
_d1988 March 24-25 :
_cBristol, Great Britain)
245 0 0 _aCivil engineering dynamics :
_bconference organised by the University of Bristol, in association with the Society for Earthquake and Civil Engineering Dynamics held at the University of Bristol, 24-25 March 1988.
260 _aBristol :
_bUniversity of Bristol,
_c1989.
300 _a497 p. :
_bill. ;
_c24 cm.
650 0 _aEarthquake engineering.
650 0 _aStructural dynamics.
710 2 _aUniversity of Bristol.
710 2 _aSociety of Earthquake and Civil Engineering Dynamics.
907 _a.b10016661
_b25-07-05
_c17-04-03
003
005 20230123133131.0
040 _cNUST
942 _cBOOKS
_kTA352
999 _c143325
_d143325